<?xml version="1.0" encoding="UTF-8"?>
<record
    xmlns:xsi="http://www.w3.org/2001/XMLSchema-instance"
    xsi:schemaLocation="http://www.loc.gov/MARC21/slim http://www.loc.gov/standards/marcxml/schema/MARC21slim.xsd"
    xmlns="http://www.loc.gov/MARC21/slim">

  <leader>01430nam a22001817a 4500</leader>
  <datafield tag="952" ind1=" " ind2=" ">
    <subfield code="0">0</subfield>
    <subfield code="1">0</subfield>
    <subfield code="2">lcc</subfield>
    <subfield code="4">0</subfield>
    <subfield code="7">0</subfield>
    <subfield code="a">08</subfield>
    <subfield code="b">08</subfield>
    <subfield code="d">2019-02-26</subfield>
    <subfield code="l">1</subfield>
    <subfield code="o">KGF3061.A311996 L49 2007</subfield>
    <subfield code="p">08 006882</subfield>
    <subfield code="r">2019-06-18</subfield>
    <subfield code="s">2019-06-18</subfield>
    <subfield code="t">1</subfield>
    <subfield code="w">2019-04-10</subfield>
    <subfield code="y">LB</subfield>
  </datafield>
  <datafield tag="999" ind1=" " ind2=" ">
    <subfield code="c">104051</subfield>
    <subfield code="d">104051</subfield>
  </datafield>
  <controlfield tag="008">190410s2007    mx ||||| |||| 00| 0 spa d</controlfield>
  <datafield tag="020" ind1=" " ind2=" ">
    <subfield code="a">9789707019706</subfield>
  </datafield>
  <datafield tag="050" ind1="0" ind2="4">
    <subfield code="a">KGF3061.A311996</subfield>
    <subfield code="b">L49 2007</subfield>
  </datafield>
  <datafield tag="100" ind1=" " ind2="0">
    <subfield code="a">Ortiz Mayagoitia, Guillermo I.</subfield>
    <subfield code="e">prologo</subfield>
  </datafield>
  <datafield tag="245" ind1="1" ind2="3">
    <subfield code="a">Ley general del sistema de medios de impugnaci&#xF3;n en materia electoral</subfield>
    <subfield code="b">: comentada</subfield>
    <subfield code="c">/ Prol. Guillermo I. Ort&#xED;z Mayagoitia</subfield>
  </datafield>
  <datafield tag="250" ind1=" " ind2=" ">
    <subfield code="a">2a edici&#xF3;n</subfield>
  </datafield>
  <datafield tag="260" ind1=" " ind2=" ">
    <subfield code="a">M&#xE9;xico</subfield>
    <subfield code="b">: Colegio Nacional de Magistrados de circuito y Jueces de Distrito de Pode Judicial de la Federaci&#xF3;n; Porr&#xFA;a</subfield>
    <subfield code="c">, 2007</subfield>
  </datafield>
  <datafield tag="300" ind1=" " ind2=" ">
    <subfield code="a">830 p&#xE1;ginas</subfield>
  </datafield>
  <datafield tag="505" ind1=" " ind2=" ">
    <subfield code="a">Libro primero del sistema de medios de impugnaci&#xF3;n
T&#xED;tulo primero de las disposiciones generales
De las reglas comunes aplicables a los medios de impugnaci&#xF3;n
De los medios de impugnaci&#xF3;n y de la nulidades en materia electoral federal
Disposici&#xF3;n general
Del recurso de revisi&#xF3;n
Del recurso de apelaci&#xF3;n
Del juicio de inconformidad
Del recuro de reconsideraci&#xF3;n
De las nulidades
Del juicio para la protecci&#xF3;n de los derechos pol&#xED;tico-electorales del ciudadano
De las reglas particulares
Del juicio de revisi&#xF3;n constitucional electoral 
de las reglas particulares
Del juicio para dirimir los conflictos o diferencias laborales de los servidores del Instituto Federal Electoral
De las reglas especiales

</subfield>
  </datafield>
  <datafield tag="519" ind1=" " ind2=" ">
    <subfield code="a">Material Complementario /</subfield>
    <subfield code="d">(08 006882)</subfield>
  </datafield>
  <datafield tag="650" ind1=" " ind2="0">
    <subfield code="a">DERECHO ELECTORAL</subfield>
    <subfield code="z">M&#xC9;XICO</subfield>
  </datafield>
  <datafield tag="942" ind1=" " ind2=" ">
    <subfield code="c">LB</subfield>
    <subfield code="2">lcc</subfield>
  </datafield>
</record>
